Oracle 8 Advanced Tuning &Administration / (Record no. 62833)

MARC details
000 -LEADER
fixed length control field 00543nam a22001577a 4500
005 - DATE AND TIME OF LATEST TRANSACTION
control field 2012021408108.0
020 ## - INTERNATIONAL STANDARD BOOK NUMBER
International Standard Book Number 0074635131
Terms of availability 000.00
035 ## - SYSTEM CONTROL NUMBER
System control number B-7015
037 ## - SOURCE OF ACQUISITION
Stock number DPL
Source of stock number/acquisition ENG
100 ## - MAIN ENTRY--PERSONAL NAME
Personal name Aronoff, Eyal
245 ## - TITLE STATEMENT
Title Oracle 8 Advanced Tuning &Administration /
Statement of responsibility, etc by Alex Lukatsky
260 ## - PUBLICATION, DISTRIBUTION, ETC. (IMPRINT)
Place of publication, distribution, etc New Delhi
Name of publisher, distributor, etc Tata Mc Graw Hill
Date of publication, distribution, etc 1998
300 ## - PHYSICAL DESCRIPTION
Extent XV, 660p.(pbk)
Dimensions 22 cms.
942 ## - ADDED ENTRY ELEMENTS (KOHA)
Source of classification or shelving scheme Dewey Decimal Classification
Item type English Books
Classification part 005.756
Call number suffix AAO
Holdings
Withdrawn status Lost status Not for loan Collection code Home library Current library Date acquired Full call number Barcode Koha item type
      Non-fiction Sarojini Nagar Sarojini Nagar 15/02/2012 005.756 AAO B-7015 English Books

© Delhi Public Library
Hit Counter
free hit counter